00370nam a22001337a 4500003000900000001000700009007000300016008003600019100002300055700001200078040003300090245010500123650000800228UA-OsUOA 6055 ta20050721b un ||||| |||| 00| 0 ukr d aДмітращук aО. С. aUA-OsUOAcUA-OsUOAdUA-OsUOA aМовні засоби контрасного зобр. та їх вираження...bBA Paper 72UDC